000 00555nam a2200229Ia 4500
003 OSt
005 20220928144447.0
006 a|||||r|||| 00| 0
007 ta
008 220927b |||||||| |||| 00| 0 eng d
024 _a70997
037 _cTextual
040 _aSDCL
_cSDCL
_beng
041 _2eng
_aeng
082 _aR:(Q:37), K7
100 _aAaron Richard I
_9507761
245 0 _aTheory of universals
250 _aEd 2
260 _c1967
942 _hR:(Q:37), K7
_cTEXL
_2CC
999 _c827281
_d827281